[Event "26th Abu Dhabi Master 2019"]
[Site "Abu Dhabi"]
[Date "2019.08.03"]
[Round "3.65"]
[White "Pujari, Rucha"]
[Black "Raja Rithvik R"]
[Result "1/2-1/2"]
[WhiteElo "2268"]
[BlackElo "2357"]
[Annotator "NA"]
[PlyCount "77"]
[EventDate "2019.08.02"]
[EventType "swiss"]
[EventCountry "UAE"]
[SourceTitle "playchess.com"]
[Source "ChessBase"]
[SourceQuality "1"]
[TimeControl "5400+30"]

1. d4 {[%emt 0:00:18]} Nf6 {[%emt 0:00:00]} 2. c4 {[%emt 0:00:51]} e6 {[%emt 0:00:16]} 3. Nf3 {[%emt 0:00:06]} d5 {[%emt 0:00:04]} 4. Nc3 {[%emt 0:00:10]} Bb4 {[%emt 0:02:28]} 5. Qa4+ {[%emt 0:00:55]} Nc6 {[%emt 0:00:05]} 6. e3 {[%emt 0:01:20]} O-O {[%emt 0:00:08]} 7. Bd2 {[%emt 0:00:19]} dxc4 {[%emt 0:00:53]} 8. Bxc4 {[%emt 0:00:20]} a6 {[%emt 0:00:46]} 9. O-O {[%emt 0:16:09]} Bd6 {[%emt 0:00:13]} 10. Qc2 {[%emt 0:01:09]} e5 {[%emt 0:01:55]} 11. dxe5 {[%emt 0:01:18]} Nxe5 {[%emt 0:00:05]} 12. Nxe5 {[%emt 0:00:09]} Bxe5 {[%emt 0:00:03]} 13. f4 {[%emt 0:00:35]} Bd6 {[%emt 0:01:19]} 14. Be2 {[%emt 0:07:11]} Re8 {[%emt 0:07:14]} 15. Kh1 {[%emt 0:04:44]} Bg4 {[%emt 0:07:53]} 16. Rae1 {[%emt 0:02:45]} Bc5 {[%emt 0:11:48]} 17. e4 {[%emt 0:17:48]} Bxe2 {[%emt 0:07:37]} 18. Rxe2 {[%emt 0:00:19]} Bb6 {[%emt 0:01:46]} 19. e5 {[%emt 0:03:12]} Nd5 {[%emt 0:02:53]} 20. Ne4 {[%emt 0:03:23]} f6 {[%emt 0:15:27]} 21. exf6 {[%emt 0:09:33]} Nxf6 {[%emt 0:00:06]} 22. Qc4+ {[%emt 0:01:07]} Kh8 {[%emt 0:01:43]} 23. Bc3 {[%emt 0:05:08]} Qd5 {[%emt 0:06:01]} 24. Qxd5 {[%emt 0:01:08]} Nxd5 {[%emt 0:00:02]} 25. Be5 {[%emt 0:00:04]} Ne3 {[%emt 0:04:07]} 26. Rfe1 {[%emt 0:05:10]} Ng4 {[%emt 0:01:11]} 27. h3 {[%emt 0:00:35]} Nxe5 {[%emt 0:00:27]} 28. Nc3 {[%emt 0:00:17]} Bf2 {[%emt 0:06:46]} 29. Rxf2 {[%emt 0:00:50]} Nd3 {[%emt 0:00:01]} 30. Rxe8+ {[%emt 0:00:21]} Rxe8 {[%emt 0:00:03]} 31. Rf1 {[%emt 0:00:40]} b5 {[%emt 0:04:39]} 32. b3 {[%emt 0:07:20]} c5 {[%emt 0:00:01]} 33. Kh2 {[%emt 0:06:03]} h6 {[%emt 0:01:56]} 34. f5 {[%emt 0:03:55]} b4 {[%emt 0:01:17]} 35. Nd5 {[%emt 0:00:19]} Re2 {[%emt 0:01:16]} 36. Rd1 {[%emt 0:00:11]} Nf2 {[%emt 0:02:03]} 37. Rc1 {[%emt 0:00:26]} Ne4 {[%emt 0:10:04]} 38. Rc4 {[%emt 0:00:02]} Kh7 {[%emt 0:02:05]} 39. Nf4 {[%emt 0:00:50]} 1/2-1/2

[Event "26th Abu Dhabi Master 2019"]
[Site "Abu Dhabi"]
[Date "2019.08.03"]
[Round "3.66"]
[White "Ayyad, Husain"]
[Black "Pranav Anand"]
[Result "0-1"]
[WhiteElo "2231"]
[BlackElo "2347"]
[Annotator "NA"]
[PlyCount "60"]
[EventDate "2019.08.02"]
[EventType "swiss"]
[EventCountry "UAE"]
[SourceTitle "playchess.com"]
[Source "ChessBase"]
[SourceQuality "1"]
[TimeControl "5400+30"]

1. e4 c5 2. Nf3 Nc6 3. d4 cxd4 4. Nxd4 {[%emt 0:11:07]} Nf6 {[%emt 0:00:41]} 5. Nc3 {[%emt 0:00:33]} e5 {[%emt 0:00:05]} 6. Nb3 {[%emt 0:00:16]} Bb4 {[%emt 0:00:20]} 7. Bc4 {[%emt 0:01:33]} O-O {[%emt 0:01:53]} 8. O-O {[%emt 0:00:47]} d6 {[%emt 0:08:58]} 9. Nd5 {[%emt 0:20:45]} Nxd5 {[%emt 0:00:30]} 10. Bxd5 {[%emt 0:02:36]} Be6 {[%emt 0:15:21]} 11. Be3 {[%emt 0:07:56]} Rc8 {[%emt 0:05:23]} 12. a3 {[%emt 0:12:37]} Ba5 {[%emt 0:00:12]} 13. Nxa5 {[%emt 0:11:54]} Nxa5 {[%emt 0:00:11]} 14. b3 {[%emt 0:00:03]} b6 {[%emt 0:10:07]} 15. Rc1 {[%emt 0:12:23]} Rc7 {[%emt 0:04:28]} 16. Qd3 {[%emt 0:06:03]} Re8 {[%emt 0:06:34]} 17. c4 {[%emt 0:00:35]} Qc8 {[%emt 0:03:01]} 18. f4 {[%emt 0:03:07]} Bxd5 {[%emt 0:11:10]} 19. cxd5 {[%emt 0:03:16]} exf4 {[%emt 0:00:11]} 20. Bxf4 {[%emt 0:00:41]} Nb7 {[%emt 0:00:17]} 21. b4 {[%emt 0:00:21]} f6 {[%emt 0:01:36]} 22. Rxc7 {[%emt 0:01:15]} Qxc7 {[%emt 0:00:05]} 23. Rc1 {[%emt 0:00:02]} Qe7 {[%emt 0:00:07]} 24. Bg3 {[%emt 0:01:31]} h5 {[%emt 0:13:14]} 25. Rc4 {[%emt 0:00:26]} Nd8 {[%emt 0:02:35]} 26. Qc2 {[%emt 0:00:09]} Nf7 {[%emt 0:01:01]} 27. Rc8 {[%emt 0:00:37]} Qd7 {[%emt 0:01:53]} 28. Rc7 {[%emt 0:02:11]} Qg4 {[%emt 0:00:13]} 29. Rxa7 {[%emt 0:00:09]} h4 {[%emt 0:01:03]} 30. Bf2 {[%emt 0:01:01]} Ng5 {[%emt 0:01:11]} 0-1

[Event "26th Abu Dhabi Master 2019"]
[Site "Abu Dhabi"]
[Date "2019.08.03"]
[Round "3.67"]
[White "Srihari L R"]
[Black "Krishnater Kushager"]
[Result "0-1"]
[WhiteElo "2227"]
[BlackElo "2324"]
[Annotator "NA"]
[PlyCount "108"]
[EventDate "2019.08.02"]
[EventType "swiss"]
[EventCountry "UAE"]
[SourceTitle "playchess.com"]
[Source "ChessBase"]
[SourceQuality "1"]
[TimeControl "5400+30"]

1. d4 Nf6 2. c4 g6 3. Nc3 Bg7 4. e4 d6 5. h3 O-O 6. Bg5 c6 7. Qd2 e5 8. d5 Na6 9. Bd3 Nc5 10. Bc2 cxd5 11. cxd5 a5 12. Nge2 Bd7 13. O-O b5 14. Ng3 Qb6 15. Nce2 b4 16. Kh1 a4 17. f4 b3 18. axb3 axb3 19. Rxa8 Rxa8 20. Bb1 Bb5 21. fxe5 dxe5 22. d6 Rd8 23. Rd1 Bxe2 24. Nxe2 Bf8 25. Nc3 Rxd6 26. Qe1 Ncd7 27. Bd3 Nc5 28. Bb1 Qc6 29. Bxf6 Rxd1 30. Qxd1 Qxf6 31. Bd3 Nxd3 32. Qxd3 Bc5 33. Ne2 Qf1+ 34. Kh2 Bg1+ 35. Kh1 Bd4+ 36. Kh2 Bxb2 37. Qd8+ Kg7 38. Ng3 Qf4 39. Qd3 Bd4 40. Qxb3 Bf2 41. Qf3 Bxg3+ 42. Qxg3 g5 43. h4 g4 44. Qxf4 exf4 45. g3 f3 46. Kg1 Kf6 47. Kf2 h5 48. e5+ Kxe5 49. Ke3 f5 50. Kf2 Ke4 51. Ke1 Ke3 52. Kf1 f2 53. Kg2 Ke2 54. Kh2 f4 0-1

[Event "26th Abu Dhabi Master 2019"]
[Site "Abu Dhabi"]
[Date "2019.08.03"]
[Round "3.68"]
[White "Adnan, Habib"]
[Black "Gajwa Ankit"]
[Result "1/2-1/2"]
[WhiteElo "2197"]
[BlackElo "2302"]
[Annotator "NA"]
[PlyCount "92"]
[EventDate "2019.08.02"]
[EventType "swiss"]
[EventCountry "UAE"]
[SourceTitle "playchess.com"]
[Source "ChessBase"]
[SourceQuality "1"]
[TimeControl "5400+30"]

1. d4 {[%emt 0:00:00]} Nf6 {[%emt 0:00:00]} 2. c4 {[%emt 0:00:00]} g6 {[%emt 0:00:00]} 3. Nc3 {[%emt 0:00:00]} Bg7 {[%emt 0:00:14]} 4. Nf3 {[%emt 0:00:08]} O-O {[%emt 0:00:19]} 5. Bg5 {[%emt 0:00:06]} c5 {[%emt 0:00:13]} 6. e3 {[%emt 0:00:06]} cxd4 {[%emt 0:00:23]} 7. exd4 {[%emt 0:01:11]} d5 {[%emt 0:00:47]} 8. Bxf6 {[%emt 0:02:04]} Bxf6 {[%emt 0:00:07]} 9. Nxd5 {[%emt 0:00:11]} Bg7 {[%emt 0:00:16]} 10. Nc3 {[%emt 0:00:42]} Bg4 {[%emt 0:03:07]} 11. Be2 {[%emt 0:09:29]} Nc6 {[%emt 0:01:57]} 12. d5 {[%emt 0:00:14]} Bxf3 {[%emt 0:12:02]} 13. Bxf3 {[%emt 0:00:26]} Na5 {[%emt 0:04:39]} 14. Be2 {[%emt 0:06:05]} Rc8 {[%emt 0:02:54]} 15. O-O {[%emt 0:08:49]} Nxc4 {[%emt 0:03:30]} 16. Bxc4 {[%emt 0:01:43]} Rxc4 {[%emt 0:00:05]} 17. Qb3 {[%emt 0:00:04]} Qc8 {[%emt 0:06:14]} 18. Rac1 {[%emt 0:02:14]} Rd8 {[%emt 0:04:45]} 19. Rfd1 {[%emt 0:04:13]} Rd7 {[%emt 0:05:32]} 20. h3 {[%emt 0:09:57]} Rdc7 {[%emt 0:04:23]} 21. Rd3 {[%emt 0:00:21]} Qf5 {[%emt 0:12:17]} 22. Rcd1 {[%emt 0:00:44]} a6 {[%emt 0:05:33]} 23. d6 {[%emt 0:09:46]} exd6 {[%emt 0:04:47]} 24. Nd5 {[%emt 0:01:14]} Be5 {[%emt 0:05:44]} 25. Qxc4 {[%emt 0:07:30]} Rxc4 {[%emt 0:00:05]} 26. Ne7+ {[%emt 0:00:05]} Kf8 {[%emt 0:00:06]} 27. Nxf5 {[%emt 0:00:09]} gxf5 {[%emt 0:00:04]} 28. R3d2 {[%emt 0:00:51]} h5 {[%emt 0:00:37]} 29. Kf1 {[%emt 0:01:16]} Ke7 {[%emt 0:01:30]} 30. Ke2 {[%emt 0:02:00]} b5 {[%emt 0:01:28]} 31. b3 {[%emt 0:02:27]} Rc3 {[%emt 0:01:15]} 32. Rd3 {[%emt 0:00:41]} Rc2+ {[%emt 0:00:16]} 33. R1d2 {[%emt 0:01:13]} Rc1 {[%emt 0:00:07]} 34. Rd5 {[%emt 0:03:47]} Ke6 {[%emt 0:04:51]} 35. Rd1 {[%emt 0:11:13]} Rc2+ {[%emt 0:00:13]} 36. R5d2 {[%emt 0:00:04]} Rc3 {[%emt 0:00:25]} 37. Rd3 {[%emt 0:00:59]} Rc2+ {[%emt 0:00:30]} 38. R1d2 {[%emt 0:00:03]} Rc1 {[%emt 0:00:23]} 39. Rd5 {[%emt 0:00:30]} Bf4 {[%emt 0:04:02]} 40. Rd1 {[%emt 0:01:01]} Rc2+ {[%emt 0:00:29]} 41. Kf3 {[%emt 0:00:12]} Be5 {[%emt 0:00:10]} 42. R1d2 {[%emt 0:00:17]} Rc3+ {[%emt 0:00:54]} 43. R5d3 {[%emt 0:00:14]} Rc1 {[%emt 0:01:24]} 44. g3 {[%emt 0:02:53]} h4 {[%emt 0:00:43]} 45. gxh4 {[%emt 0:00:43]} Rc8 {[%emt 0:00:49]} 46. Re2 {[%emt 0:01:20]} Rh8 {[%emt 0:00:56] Ke4} 1/2-1/2

[Event "26th Abu Dhabi Master 2019"]
[Site "Abu Dhabi"]
[Date "2019.08.03"]
[Round "3.69"]
[White "Samant Aditya S"]
[Black "Soham Datar"]
[Result "1-0"]
[WhiteElo "2296"]
[BlackElo "2129"]
[Annotator "NA"]
[PlyCount "111"]
[EventDate "2019.08.02"]
[EventType "swiss"]
[EventCountry "UAE"]
[SourceTitle "playchess.com"]
[Source "ChessBase"]
[SourceQuality "1"]
[TimeControl "5400+30"]

1. e4 {[%emt 0:00:00]} c5 {[%emt 0:00:00]} 2. Nf3 {[%emt 0:00:00]} d6 {[%emt 0:00:00]} 3. d4 {[%emt 0:00:00]} cxd4 {[%emt 0:00:00]} 4. Nxd4 {[%emt 0:00:00]} Nf6 {[%emt 0:00:00]} 5. Nc3 a6 6. h3 {[%emt 0:00:36]} e5 {[%emt 0:01:35]} 7. Nde2 {[%emt 0:00:07]} h5 {[%emt 0:01:11]} 8. Bg5 {[%emt 0:00:07]} Be6 {[%emt 0:00:05]} 9. Bxf6 {[%emt 0:00:09]} Qxf6 {[%emt 0:00:31]} 10. Nd5 {[%emt 0:00:07]} Qd8 {[%emt 0:00:07]} 11. Qd3 {[%emt 0:00:09]} g6 {[%emt 0:03:19]} 12. O-O-O {[%emt 0:00:10]} Nd7 {[%emt 0:00:25]} 13. Kb1 {[%emt 0:00:14]} Rc8 {[%emt 0:00:16]} 14. Nec3 {[%emt 0:01:37]} Nc5 {[%emt 0:02:47]} 15. Qf3 {[%emt 0:00:17]} Bg7 {[%emt 0:05:21]} 16. Ne3 {[%emt 0:04:28]} b5 {[%emt 0:07:14]} 17. Ncd5 {[%emt 0:01:01]} O-O {[%emt 0:12:48]} 18. h4 {[%emt 0:04:56]} f5 {[%emt 0:07:29]} 19. exf5 {[%emt 0:01:53]} gxf5 {[%emt 0:11:32]} 20. Qxh5 {[%emt 0:01:41]} Ne4 {[%emt 0:13:13]} 21. Bd3 {[%emt 0:33:46]} Nf6 {[%emt 0:03:48]} 22. Qg6 {[%emt 0:02:50]} Bxd5 {[%emt 0:04:19]} 23. Nxd5 {[%emt 0:00:15]} Nxd5 {[%emt 0:00:05]} 24. Bxf5 {[%emt 0:03:59]} Rxf5 {[%emt 0:07:22]} 25. Qxf5 {[%emt 0:00:12]} Nc7 {[%emt 0:05:33]} 26. Rxd6 {[%emt 0:02:43]} Qxd6 {[%emt 0:00:05]} 27. Qxc8+ {[%emt 0:00:09]} Kh7 {[%emt 0:00:23]} 28. Qb7 {[%emt 0:05:57]} Nd5 {[%emt 0:00:55]} 29. h5 {[%emt 0:01:07]} Kh6 {[%emt 0:00:45]} 30. g4 {[%emt 0:13:45]} Bf6 {[%emt 0:01:29]} 31. Qc8 {[%emt 0:02:13]} Ne7 {[%emt 0:01:57]} 32. Qf8+ {[%emt 0:03:36]} Kg5 {[%emt 0:00:53]} 33. h6 {[%emt 0:03:48]} Qc6 {[%emt 0:00:01]} 34. Rh5+ {[%emt 0:08:56]} Kxg4 {[%emt 0:00:14]} 35. Rh2 {[%emt 0:00:05]} Qf3 {[%emt 0:05:03]} 36. a3 {[%emt 0:00:25]} Qd1+ {[%emt 0:00:41]} 37. Ka2 {[%emt 0:00:02]} Kf5 {[%emt 0:01:17]} 38. h7 {[%emt 0:00:30]} Qd5+ {[%emt 0:00:40]} 39. b3 {[%emt 0:00:07]} Qd2 {[%emt 0:00:04]} 40. Qxf6+ {[%emt 0:00:25]} Kxf6 {[%emt 0:00:12]} 41. h8=Q+ {[%emt 0:00:02]} Kf5 {[%emt 0:00:54]} 42. Qh5+ {[%emt 0:00:15]} Qg5 {[%emt 0:01:02]} 43. Qxg5+ Kxg5 44. Rh7 {[%emt 0:00:55]} Nd5 {[%emt 0:00:28]} 45. Kb2 {[%emt 0:00:52]} Kg4 {[%emt 0:00:20]} 46. c4 {[%emt 0:00:59]} bxc4 {[%emt 0:00:02]} 47. bxc4 {[%emt 0:00:02]} Nf4 {[%emt 0:00:06]} 48. Kc3 {[%emt 0:00:21]} Kf3 {[%emt 0:00:06]} 49. Re7 {[%emt 0:01:17]} Ke4 {[%emt 0:00:13]} 50. f3+ {[%emt 0:00:27]} Kf5 {[%emt 0:00:04]} 51. Rf7+ {[%emt 0:00:11]} Ke6 {[%emt 0:00:10]} 52. Ra7 {[%emt 0:00:06]} Ne2+ {[%emt 0:00:06]} 53. Kd2 {[%emt 0:00:17]} Nd4 {[%emt 0:00:04]} 54. Rxa6+ {[%emt 0:00:05]} Kf5 {[%emt 0:00:09]} 55. Ke3 {[%emt 0:00:10]} Nc2+ {[%emt 0:01:41]} 56. Kf2 {[%emt 0:00:07]} 1-0

[Event "26th Abu Dhabi Master 2019"]
[Site "Abu Dhabi"]
[Date "2019.08.03"]
[Round "3.70"]
[White "Alinasab, Mobina"]
[Black "Krzywda, Andrzej"]
[Result "1-0"]
[WhiteElo "2280"]
[BlackElo "2190"]
[Annotator "ChessBase"]
[PlyCount "146"]
[EventDate "2019.08.02"]
[EventType "swiss"]
[EventCountry "UAE"]
[SourceTitle "playchess.com"]
[Source "ChessBase"]
[SourceQuality "1"]
[TimeControl "5400+30"]

1. e4 {[%emt 0:06:24]} c6 {[%emt 0:00:00]} 2. Nc3 {[%emt 0:00:07]} d5 {[%emt 0:00:00]} 3. Nf3 {[%emt 0:00:03]} Nf6 {[%emt 0:00:09]} 4. e5 {[%emt 0:00:05]} Ne4 {[%emt 0:00:24]} 5. Ne2 {[%emt 0:00:07]} Qb6 {[%emt 0:01:10]} 6. d4 {[%emt 0:00:21]} e6 {[%emt 0:01:14]} 7. Ng3 {[%emt 0:01:26]} c5 {[%emt 0:02:20]} 8. Bd3 {[%emt 0:01:31]} Nxg3 {[%emt 0:02:24]} 9. fxg3 {[%emt 0:00:21]} Nc6 {[%emt 0:08:06]} 10. O-O {[%emt 0:01:36]} Be7 {[%emt 0:06:36]} 11. Kh1 {[%emt 0:31:41]} cxd4 {[%emt 0:09:43]} 12. a3 {[%emt 0:04:26]} Bd7 {[%emt 0:01:14]} 13. Qe2 {[%emt 0:00:23]} O-O-O {[%emt 0:09:26]} 14. b4 {[%emt 0:05:15]} f6 {[%emt 0:05:16]} 15. Bf4 {[%emt 0:03:30]} f5 {[%emt 0:05:24]} 16. Bd2 {[%emt 0:02:34]} Kb8 {[%emt 0:02:47]} 17. Rfb1 {[%emt 0:06:07]} Rc8 {[%emt 0:04:47]} 18. Qe1 {[%emt 0:01:25]} Nd8 {[%emt 0:06:40]} 19. b5 {[%emt 0:03:28]} Qc7 {[%emt 0:01:05]} 20. a4 {[%emt 0:07:57]} b6 {[%emt 0:07:23]} 21. a5 {[%emt 0:03:58]} Bc5 {[%emt 0:01:11]} 22. axb6 {[%emt 0:01:19]} Bxb6 {[%emt 0:00:22]} 23. Ra4 {[%emt 0:02:01]} Nb7 {[%emt 0:00:48]} 24. Bb4 {[%emt 0:03:03]} Nc5 {[%emt 0:02:54]} 25. Bxc5 {[%emt 0:02:37]} Qxc5 {[%emt 0:00:22]} 26. Nxd4 {[%emt 0:01:02]} h5 {[%emt 0:02:49]} 27. Nf3 {[%emt 0:01:52]} Rc7 {[%emt 0:03:55]} 28. c4 {[%emt 0:03:08]} Bc8 {[%emt 0:02:35]} 29. cxd5 {[%emt 0:02:23]} Qxd5 {[%emt 0:00:28]} 30. Qe2 {[%emt 0:00:16]} Rd8 {[%emt 0:01:42]} 31. Ra3 {[%emt 0:02:25]} Bb7 {[%emt 0:01:21]} 32. h3 {[%emt 0:00:11]} Rdc8 {[%emt 0:02:30]} 33. Rd1 {[%emt 0:00:42]} Rc1 {[%emt 0:02:12]} 34. Ra1 {[%emt 0:00:10]} Rxa1 {[%emt 0:01:24]} 35. Rxa1 {[%emt 0:00:01]} Rc3 {[%emt 0:00:41]} 36. Rd1 {[%emt 0:00:56]} Qc5 {[%emt 0:00:56]} 37. Kh2 {[%emt 0:00:28]} Bd5 {[%emt 0:01:59]} 38. h4 {[%emt 0:02:10]} Rc1 {[%emt 0:01:20]} 39. Rxc1 {[%emt 0:01:18]} Qxc1 {[%emt 0:00:02]} 40. Qf1 {[%emt 0:00:35]} Qe3 {[%emt 0:00:55]} 41. Bc4 {[%emt 0:00:29]} Qc5 {[%emt 0:02:23]} 42. Bxd5 {[%emt 0:00:08]} Qxd5 {[%emt 0:00:02]} 43. Qe2 {[%emt 0:00:19]} Bc5 {[%emt 0:01:08]} 44. Qc2 {[%emt 0:00:45]} g6 {[%emt 0:00:41]} 45. Qc1 {[%emt 0:00:25]} Kb7 {[%emt 0:00:47]} 46. Qh6 {[%emt 0:00:47]} Kb6 {[%emt 0:00:13]} 47. Qxg6 {[%emt 0:00:02]} Kxb5 {[%emt 0:00:15]} 48. Qxh5 {[%emt 0:00:20]} a5 {[%emt 0:00:58]} 49. Qe8+ {[%emt 0:00:05]} Kb4 {[%emt 0:00:27]} 50. h5 {[%emt 0:00:50]} Be3 {[%emt 0:00:38]} 51. Qb8+ {[%emt 0:00:59]} Kc3 {[%emt 0:00:24]} 52. Qb1 {[%emt 0:00:55]} Bh6 {[%emt 0:00:55]} 53. Qa1+ {[%emt 0:00:22]} Kb4 {[%emt 0:00:25]} 54. Qb2+ {[%emt 0:00:14]} Qb3 {[%emt 0:00:34]} 55. Qd4+ {[%emt 0:00:44]} Ka3 {[%emt 0:00:24]} 56. Qa1+ {[%emt 0:00:12]} Kb4 {[%emt 0:00:22]} 57. Qd4+ {[%emt 0:00:33]} Ka3 {[%emt 0:00:30]} 58. Nd2 {[%emt 0:00:42]} Bxd2 {[%emt 0:00:41]} 59. Qxd2 {[%emt 0:00:01]} a4 {[%emt 0:00:28]} 60. h6 {[%emt 0:00:15]} Qb7 {[%emt 0:00:09]} 61. Qc3+ {[%emt 0:00:48]} Ka2 {[%emt 0:00:16]} 62. Qc4+ {[%emt 0:00:08]} Ka3 {[%emt 0:01:10]} 63. Qxe6 {[%emt 0:00:31]} Kb2 {[%emt 0:00:08]} 64. Qxf5 {[%emt 0:00:12]} a3 {[%emt 0:00:14]} 65. h7 {[%emt 0:00:17]} Qg7 {[%emt 0:00:36]} 66. Qh5 {[%emt 0:00:57]} Qh8 {[%emt 0:00:29]} 67. Qe2+ {[%emt 0:01:15]} Kb1 {[%emt 0:00:36]} 68. Qd1+ {[%emt 0:00:24]} Kb2 {[%emt 0:00:08]} 69. Qd2+ {[%emt 0:00:01]} Kb1 {[%emt 0:00:51]} 70. Qb4+ {[%emt 0:00:05]} Ka2 {[%emt 0:00:58]} 71. Qc4+ {[%emt 0:00:01]} Kb1 {[%emt 0:00:28]} 72. Qg8 {[%emt 0:01:29]} Qxe5 {[%emt 0:00:34]} 73. h8=Q {[%emt 0:00:12]} Qe2 {[%emt 0:01:04]} 1-0

[Event "26th Abu Dhabi Master 2019"]
[Site "Abu Dhabi"]
[Date "2019.08.03"]
[Round "3.71"]
[White "Salih, Akar Ali Salih"]
[Black "Mohamed, Faisal"]
[Result "1-0"]
[WhiteElo "2261"]
[BlackElo "2150"]
[Annotator "NA"]
[PlyCount "99"]
[EventDate "2019.08.02"]
[EventType "swiss"]
[EventCountry "UAE"]
[SourceTitle "playchess.com"]
[Source "ChessBase"]
[SourceQuality "1"]
[TimeControl "5400+30"]

1. e4 {[%emt 0:03:47]} c5 {[%emt 0:02:45]} 2. Nf3 {[%emt 0:01:12]} g6 {[%emt 0:00:16]} 3. d4 {[%emt 0:01:25]} cxd4 {[%emt 0:00:17]} 4. Nxd4 {[%emt 0:00:24]} Nc6 {[%emt 0:00:22]} 5. Nc3 {[%emt 0:00:54]} Bg7 {[%emt 0:00:29]} 6. Be3 {[%emt 0:00:07]} Nf6 {[%emt 0:00:15]} 7. Bc4 {[%emt 0:03:04]} O-O {[%emt 0:01:40]} 8. Qd2 {[%emt 0:01:42]} Nxe4 {[%emt 0:12:58]} 9. Bxf7+ {[%emt 0:13:35]} Rxf7 {[%emt 0:02:44]} 10. Nxe4 {[%emt 0:00:18]} Rf8 {[%emt 0:23:36]} 11. c4 {[%emt 0:24:55]} Ne5 {[%emt 0:05:08]} 12. b3 {[%emt 0:04:27]} Ng4 {[%emt 0:22:20]} 13. Nc3 {[%emt 0:05:34]} Nxe3 {[%emt 0:06:38]} 14. Qxe3 {[%emt 0:00:16]} Qb6 {[%emt 0:06:32]} 15. Rd1 {[%emt 0:02:44]} e5 {[%emt 0:01:16]} 16. Ndb5 {[%emt 0:07:46]} Qxe3+ {[%emt 0:00:37]} 17. fxe3 {[%emt 0:00:03]} b6 {[%emt 0:01:28]} 18. Nd6 {[%emt 0:03:25]} Ba6 {[%emt 0:00:25]} 19. Nd5 {[%emt 0:00:31]} Rab8 {[%emt 0:02:19]} 20. Rf1 {[%emt 0:09:37]} Rxf1+ {[%emt 0:01:06]} 21. Kxf1 {[%emt 0:00:02]} Bb7 {[%emt 0:00:58]} 22. Ke2 {[%emt 0:01:56]} Bxd5 {[%emt 0:02:42]} 23. Rxd5 {[%emt 0:08:57]} Kf8 {[%emt 0:00:47]} 24. Nb5 {[%emt 0:00:48]} Ke7 {[%emt 0:00:26]} 25. a4 {[%emt 0:00:34]} a5 {[%emt 0:01:41]} 26. Nc3 {[%emt 0:00:36]} Ke6 {[%emt 0:00:35]} 27. Rb5 {[%emt 0:01:33]} Bf8 {[%emt 0:02:06]} 28. Ne4 {[%emt 0:01:00]} d6 {[%emt 0:00:27]} 29. g4 {[%emt 0:00:51]} Be7 {[%emt 0:00:18]} 30. h3 {[%emt 0:00:45]} Kd7 {[%emt 0:00:30]} 31. Nc3 {[%emt 0:01:29]} Kc6 {[%emt 0:00:54]} 32. Nd5 {[%emt 0:00:17]} Bh4 {[%emt 0:00:34]} 33. b4 {[%emt 0:01:19]} axb4 {[%emt 0:00:39]} 34. Nxb4+ {[%emt 0:00:14]} Kd7 {[%emt 0:00:25]} 35. Nd5 {[%emt 0:00:18]} Bd8 {[%emt 0:00:23]} 36. a5 {[%emt 0:00:08]} Kc6 {[%emt 0:00:24]} 37. Kd3 {[%emt 0:00:06]} Rb7 {[%emt 0:00:30]} 38. a6 {[%emt 0:00:49]} Ra7 {[%emt 0:00:41]} 39. Ke4 {[%emt 0:00:11]} Ra8 {[%emt 0:00:44]} 40. Nb4+ {[%emt 0:00:30]} Kc7 {[%emt 0:00:15]} 41. Kd5 {[%emt 0:00:25]} Bh4 {[%emt 0:00:19]} 42. Ke6 {[%emt 0:00:33]} Bd8 {[%emt 0:00:42]} 43. Rd5 {[%emt 0:00:29]} Bg5 {[%emt 0:00:44]} 44. Rxd6 {[%emt 0:01:31]} Re8+ {[%emt 0:00:27]} 45. Kd5 {[%emt 0:00:03]} Bxe3 {[%emt 0:00:19]} 46. Rf6 {[%emt 0:01:03]} Bc5 {[%emt 0:00:46]} 47. Nc6 {[%emt 0:00:29]} Kd7 {[%emt 0:00:30]} 48. Rf7+ {[%emt 0:00:13]} Be7 {[%emt 0:00:24]} 49. Nxe7 {[%emt 0:00:15]} Ra8 {[%emt 0:00:34]} 50. Nxg6+ {[%emt 0:00:22]} 1-0

[Event "26th Abu Dhabi Master 2019"]
[Site "Abu Dhabi"]
[Date "2019.08.03"]
[Round "3.72"]
[White "Priyanka Nutakki"]
[Black "Chitlange Sakshi"]
[Result "0-1"]
[WhiteElo "2293"]
[BlackElo "2168"]
[Annotator "NA"]
[PlyCount "80"]
[EventDate "2019.08.02"]
[EventType "swiss"]
[EventCountry "UAE"]
[SourceTitle "playchess.com"]
[Source "ChessBase"]
[SourceQuality "1"]
[TimeControl "5400+30"]

1. c4 {[%emt 0:00:00]} e6 {[%emt 0:00:00]} 2. Nf3 {[%emt 0:00:00]} d5 {[%emt 0:00:00]} 3. e3 {[%emt 0:00:00]} Nf6 {[%emt 0:00:04]} 4. b3 {[%emt 0:00:21]} b6 {[%emt 0:00:54]} 5. Bb2 {[%emt 0:00:09]} Bb7 {[%emt 0:00:23]} 6. Qc2 {[%emt 0:02:17]} Bd6 {[%emt 0:01:52]} 7. d4 {[%emt 0:00:11]} Nbd7 {[%emt 0:00:54]} 8. Bd3 {[%emt 0:01:57]} O-O {[%emt 0:01:15]} 9. Nbd2 {[%emt 0:00:29]} c5 {[%emt 0:02:23]} 10. O-O {[%emt 0:00:08]} cxd4 {[%emt 0:03:55]} 11. exd4 {[%emt 0:01:10]} Rc8 {[%emt 0:00:51]} 12. Rad1 {[%emt 0:04:03]} Qc7 {[%emt 0:03:24]} 13. Rfe1 {[%emt 0:02:14]} Qb8 {[%emt 0:07:38]} 14. Ne5 {[%emt 0:06:59]} Rfd8 {[%emt 0:03:55]} 15. Ndf3 {[%emt 0:06:25]} h6 {[%emt 0:01:46]} 16. Qe2 {[%emt 0:08:40]} Ne4 {[%emt 0:06:02]} 17. Nxd7 {[%emt 0:16:56]} Rxd7 {[%emt 0:00:02]} 18. Ne5 {[%emt 0:00:09]} Re7 {[%emt 0:06:02]} 19. f3 {[%emt 0:06:32]} Nf6 {[%emt 0:01:01]} 20. Rc1 {[%emt 0:00:38]} dxc4 {[%emt 0:03:35]} 21. bxc4 {[%emt 0:02:14]} Nd7 {[%emt 0:05:29]} 22. f4 {[%emt 0:00:39]} Nf8 {[%emt 0:05:58]} 23. g3 {[%emt 0:08:22]} Ba8 {[%emt 0:04:06]} 24. Qh5 {[%emt 0:08:29]} Nd7 {[%emt 0:10:55]} 25. Nxd7 {[%emt 0:02:58]} Rxd7 {[%emt 0:00:13]} 26. d5 {[%emt 0:00:27]} Qc7 {[%emt 0:07:42]} 27. Qg4 {[%emt 0:02:25]} Qc5+ {[%emt 0:05:17]} 28. Kf1 {[%emt 0:00:34]} Bf8 {[%emt 0:00:05]} 29. f5 {[%emt 0:02:31]} h5 {[%emt 0:08:38]} 30. Qg5 {[%emt 0:09:09]} f6 {[%emt 0:00:56]} 31. Bxf6 {[%emt 0:03:13]} exd5 {[%emt 0:00:04]} 32. Be5 {[%emt 0:01:26]} d4 {[%emt 0:05:55]} 33. Qxh5 {[%emt 0:00:59]} Qa3 {[%emt 0:00:54]} 34. Qe2 {[%emt 0:01:04]} Re8 {[%emt 0:00:48]} 35. Qc2 {[%emt 0:02:09]} Bb4 {[%emt 0:01:30]} 36. f6 {[%emt 0:01:09]} gxf6 {[%emt 0:00:14]} 37. Bxf6 {[%emt 0:00:41]} Bxe1 {[%emt 0:01:10]} 38. Qd1 {[%emt 0:00:39]} Rf7 {[%emt 0:01:02]} 39. Qg4+ {[%emt 0:00:12]} Kf8 {[%emt 0:00:00]} 40. Qg6 {[%emt 0:00:46]} Qxc1 {[%emt 0:00:11]} 0-1